000 00626nam a2200229Ia 4500
003 OSt
005 20221007071142.0
006 a|||||r|||| 00| 0
007 ta
008 221006b |||||||| |||| 00| 0 eng d
024 _a14,128
037 _cTextual
040 _aFLL
_cFLL
_beng
041 _2eng
_aeng
082 _aX:5.5,k,N58, L6
100 _aGeiser Hans J.
_9688247
245 0 _aLegal Legal problems of caribbean integration
260 _aLeyden
_bSijthoff Leyden
_c1976
300 _axii,274p
_ccm.
942 _hX:5.5,k,N58, L6
_cTEXL
_2CC
999 _c1142601
_d1142601